Logo CIB grande

ADMINISTRACION DE PRODUCCION Y OPERACIONES: PLANEACION ANALISIS Y CONTROL (Registro nro. 218279)

Detalles MARC
000 -LEADER
campo de control de longitud fija 01036nam a2200337Ia 4500
003 - IDENTIFICADOR DE NÚMERO DE CONTROL
campo de control EC-GqESP
005 - FECHA Y HORA DE LA ÚLTIMA TRANSACCIÓN
campo de control 20251105133736.0
008 - DATOS DE LONGITUD FIJA--INFORMACIÓN GENERAL
campo de control de longitud fija 250425s9999 xx 000 0 und d
010 ## - NÚMERO DE CONTROL DE LA BIBLIOTECA DEL CONGRESO
Número de control de LC 34036
020 ## - NÚMERO INTERNACIONAL ESTÁNDAR DEL LIBRO
Número Internacional Estándar del Libro 9682606922
041 ## - CÓDIGO DE IDIOMA
Código de lengua del texto/banda sonora o título independiente spa
043 ## - CÓDIGO DE ÁREA GEOGRÁFICA
Código de área geográfica mx
082 ## - NÚMERO DE LA CLASIFICACIÓN DECIMAL DEWEY
Número de clasificación 658.5
Iniciales del Autor HOT
100 ## - ENTRADA PRINCIPAL--NOMBRE DE PERSONA
Nombre de persona HOPEMAN, RICHARD J.
245 #0 - MENCIÓN DEL TÍTULO
Título ADMINISTRACION DE PRODUCCION Y OPERACIONES: PLANEACION ANALISIS Y CONTROL
250 ## - MENCION DE EDICION
Mención de edición 1A ED.
260 ## - PUBLICACIÓN, DISTRIBUCIÓN, ETC.
Lugar de publicación, distribución, etc. México
Nombre del editor, distribuidor, etc. COMPAÑIA EDITORIAL CONTINENTAL, S.A.
Fecha de publicación, distribución, etc. 1986
260 ## - PUBLICACIÓN, DISTRIBUCIÓN, ETC.
Lugar de publicación, distribución, etc. S.L.
300 ## - DESCRIPCIÓN FÍSICA
Extensión 662
500 ## - NOTA GENERAL
Nota general EN CIBGZ-FIMCP 50023/24 C.1-2.
500 ## - NOTA GENERAL
Nota general Título Traducido: PRODUCTION AND OPERATIONS MANAGEMENT. PLANNING ANALYSIS CONTROL
650 ## - PUNTO DE ACCESO ADICIONAL DE MATERIA--TÉRMINO DE MATERIA
Término de materia o nombre geográfico como elemento de entrada ADMINISTRACION DE LA PRODUCCION
650 ## - PUNTO DE ACCESO ADICIONAL DE MATERIA--TÉRMINO DE MATERIA
Término de materia o nombre geográfico como elemento de entrada ADMINISTRACION DE OPERACIONES
650 ## - PUNTO DE ACCESO ADICIONAL DE MATERIA--TÉRMINO DE MATERIA
Término de materia o nombre geográfico como elemento de entrada ANALISIS (GENERAL)
650 ## - PUNTO DE ACCESO ADICIONAL DE MATERIA--TÉRMINO DE MATERIA
Término de materia o nombre geográfico como elemento de entrada CONTROL
650 ## - PUNTO DE ACCESO ADICIONAL DE MATERIA--TÉRMINO DE MATERIA
Término de materia o nombre geográfico como elemento de entrada ORGANIZACION
650 ## - PUNTO DE ACCESO ADICIONAL DE MATERIA--TÉRMINO DE MATERIA
Término de materia o nombre geográfico como elemento de entrada PLANEACION
700 ## - ENTRADA AGREGADA--NOMBRE PERSONAL
Nombre de persona MA. ASCENSION DE LA CAMPA PEREZ-SEVILLA
Término indicativo de función/relación traductor
710 ## - ENTRADA AGREGADA--NOMBRE DE ENTIDAD CORPORATIVA
Nombre de entidad corporativa o nombre de jurisdicción como elemento de entrada COMPAÑIA EDITORIAL CONTINENTAL S.A. DE C.V.
942 ## - ELEMENTOS DE ENTRADA SECUNDARIOS (KOHA)
Tipo de ítem Koha Libros
Existencias
Estatus retirado Estado de pérdida Estado de daño No para préstamo Biblioteca de origen Biblioteca actual Ubicación en estantería Fecha de adquisición Coste, precio normal de compra Total de préstamos Código de barras Copia número Nota pública Fuente de la clasificación o esquema de estantería Etiqueta RFID Signatura topográfica completa Tipo de ítem Koha
        FACULTAD DE INGENIERIA MECANICA Y CIENCIAS DE LA PRODUCCION CENTRO DE INFORMACIÓN BIBLIOTECARIA   16/12/2003 20.00   50023 1 ESPOL. CIB Clasificación Decimal Dewey 0000000000000000038304 658.5 HOT Libros
        ESCUELA DE NEGOCIOS ESCUELA DE NEGOCIOS   02/03/2001 14.00   CP-00177 3 COMPRA        
        FACULTAD DE INGENIERIA MECANICA Y CIENCIAS DE LA PRODUCCION FACULTAD DE INGENIERIA MECANICA Y CIENCIAS DE LA PRODUCCION   10/06/2004 20.00   50024 2          

Copyright 2025 ESPOL. Todos los derechos reservados.